000 00552nmm a2200169Ia 4500
008 251105s9999||||xx |||||||||||||||||und||
020 _a9788481696592
041 _aspa
100 _aMuntaner Gelabert, Guillem
245 0 _aLa novedad como estímulo :
_b Vicisitudes de la sociedad y de la religión en una época nueva
264 _a[Madrid, España] :
_bEditorial Verbo Divino,
_c2005
300 _a208 páginas
490 _aNuevos desafíos
650 _aReligion(s)
856 _uhttps://public.digitaliapublishing.com/a/20699
942 _cCF
999 _c85940
_d85940